书目信息 |
| 书名: | Great baseball feats, facts & firsts | |
| 作者: | David Nemec and Scott Flatow | |
| 分册号: | ||
| 分册名: | 出版地: | America |
|
| 出版社: | A signet book | |
| 出版时间: | 2007 | |
| 页数: | 431P | |
| 开本: | 20cm | |
| 丛书名: | ||
| 中图分类号: | ||
| 科图分类号: | ||
| 其他分类号: | G848.1 | |
| 主题词: | ||
| 电子资源: | ||
| 000 | 00421nam0 2200145 450 | |
| 001 | 202012197472 | |
| 005 | 20121107111733.0 | |
| 008 | 20010101s | |
| 020 | @a978-0-451-22092-9@c$7.99 | |
| 099 | @dG848.1@eD2496 | |
| 245 | 10 | @aGreat baseball feats, facts & firsts@cDavid Nemec and Scott Flatow |
| 260 | 0 | @aAmerica@bA signet book@c2007 |
| 300 | @a431P@c20cm | |
| 905 | @b008390-1 | |
| 905 | @aTSG@dG848.1@eD2496 | |
| Great baseball feats, facts & firsts / David Nemec and Scott Flatow.-America : A signet book , 2007 |
| 431P ; 20cm |
| ISBN 978-0-451-22092-9$7.99 |
| ● |
| 相关链接 |
|
|
|
正题名:Great baseball feats, facts & firsts
索取号:G848.1/D2496
 
预约/预借
| 序号 | 登录号 | 条形码 | 馆藏地/架位号 | 状态 | 备注 |
| 1 | 8390 | 300083905 | 社科库409/409社科库 119排4列4层/ [索取号:G848.1/D2496] | 在馆 | |
| 2 | 8391 | 300083914 | 社科库409/409社科库 119排4列4层/ [索取号:G848.1/D2496] | 在馆 |